<?xml version="1.0" encoding="UTF-8"?>
<collection xmlns="http://www.loc.gov/MARC21/slim">
 <record>
  <leader>01695nam a22004337a 4500</leader>
  <controlfield tag="001">000219435</controlfield>
  <controlfield tag="003">CZ-PrVSE</controlfield>
  <controlfield tag="005">20130227142657.0</controlfield>
  <controlfield tag="007">ta</controlfield>
  <controlfield tag="008">120531s2012    gw a   fr     000 0 ger d</controlfield>
  <datafield tag="020" ind1=" " ind2=" ">
   <subfield code="a">978-3-19-011206-7</subfield>
   <subfield code="q">(brož.)</subfield>
  </datafield>
  <datafield tag="040" ind1=" " ind2=" ">
   <subfield code="a">ABA006</subfield>
   <subfield code="b">cze</subfield>
   <subfield code="c">ABA006</subfield>
   <subfield code="d">ABA006</subfield>
  </datafield>
  <datafield tag="072" ind1=" " ind2="7">
   <subfield code="a">811.112.2</subfield>
   <subfield code="x">Němčina</subfield>
   <subfield code="2">Konspekt</subfield>
   <subfield code="9">11</subfield>
  </datafield>
  <datafield tag="072" ind1=" " ind2="9">
   <subfield code="a">430</subfield>
   <subfield code="x">German language</subfield>
   <subfield code="2">Conspectus</subfield>
   <subfield code="9">11</subfield>
  </datafield>
  <datafield tag="080" ind1=" " ind2=" ">
   <subfield code="a">811.112.2</subfield>
   <subfield code="2">MRF</subfield>
  </datafield>
  <datafield tag="080" ind1=" " ind2=" ">
   <subfield code="a">81'36</subfield>
   <subfield code="2">MRF</subfield>
  </datafield>
  <datafield tag="080" ind1=" " ind2=" ">
   <subfield code="a">81'24</subfield>
   <subfield code="2">MRF</subfield>
  </datafield>
  <datafield tag="080" ind1=" " ind2=" ">
   <subfield code="a">(07.063)81</subfield>
   <subfield code="2">MRF</subfield>
  </datafield>
  <datafield tag="099" ind1=" " ind2="9">
   <subfield code="a">8-AJ-K-SICH</subfield>
  </datafield>
  <datafield tag="100" ind1="1" ind2=" ">
   <subfield code="a">Orth-Chambah, Jutta</subfield>
   <subfield code="7">pna2007397412</subfield>
   <subfield code="4">aut</subfield>
  </datafield>
  <datafield tag="245" ind1="1" ind2="0">
   <subfield code="a">Sicher! :</subfield>
   <subfield code="b">Deutsch als Fremdsprache : Arbeitsbuch.</subfield>
   <subfield code="n">Niveau B1+ /</subfield>
   <subfield code="c">Jutta Orth-Chambah, Michaela Perlmann-Balme, Susanne Schwalb</subfield>
  </datafield>
  <datafield tag="250" ind1=" " ind2=" ">
   <subfield code="a">1. Aufl.</subfield>
  </datafield>
  <datafield tag="260" ind1=" " ind2=" ">
   <subfield code="a">Ismaning :</subfield>
   <subfield code="b">Hueber,</subfield>
   <subfield code="c">2012</subfield>
  </datafield>
  <datafield tag="300" ind1=" " ind2=" ">
   <subfield code="a">136 s. :</subfield>
   <subfield code="b">il. +</subfield>
   <subfield code="e">1 CD</subfield>
  </datafield>
  <datafield tag="650" ind1="0" ind2="7">
   <subfield code="a">němčina</subfield>
   <subfield code="7">ph115512</subfield>
   <subfield code="2">czenas</subfield>
  </datafield>
  <datafield tag="650" ind1="0" ind2="7">
   <subfield code="a">mluvnice</subfield>
   <subfield code="7">ph115331</subfield>
   <subfield code="2">czenas</subfield>
  </datafield>
  <datafield tag="650" ind1="0" ind2="7">
   <subfield code="a">konverzace</subfield>
   <subfield code="7">ph166079</subfield>
   <subfield code="2">czenas</subfield>
  </datafield>
  <datafield tag="655" ind1=" " ind2="7">
   <subfield code="a">jazykové učebnice, texty, příručky (B)</subfield>
   <subfield code="7">fd600891</subfield>
   <subfield code="2">czenas</subfield>
  </datafield>
  <datafield tag="650" ind1="0" ind2="9">
   <subfield code="a">German language</subfield>
   <subfield code="2">eczenas</subfield>
  </datafield>
  <datafield tag="650" ind1="0" ind2="9">
   <subfield code="a">grammar</subfield>
   <subfield code="2">eczenas</subfield>
  </datafield>
  <datafield tag="650" ind1="0" ind2="9">
   <subfield code="a">conversation, terms and phrases</subfield>
   <subfield code="2">eczenas</subfield>
  </datafield>
  <datafield tag="655" ind1=" " ind2="9">
   <subfield code="a">language textbooks, texts, handbooks (B)</subfield>
   <subfield code="2">eczenas</subfield>
  </datafield>
  <datafield tag="700" ind1="1" ind2=" ">
   <subfield code="a">Perlmann-Balme, Michaela</subfield>
   <subfield code="7">xx0024089</subfield>
   <subfield code="4">aut</subfield>
  </datafield>
  <datafield tag="700" ind1="1" ind2=" ">
   <subfield code="a">Schwalb, Susanne</subfield>
   <subfield code="7">ola2007364447</subfield>
   <subfield code="4">aut</subfield>
  </datafield>
  <datafield tag="993" ind1=" " ind2=" ">
   <subfield code="a">005546327</subfield>
  </datafield>
  <datafield tag="996" ind1=" " ind2=" ">
   <subfield code="1">PJMHS</subfield>
   <subfield code="3">E46984a</subfield>
   <subfield code="4">N:P</subfield>
   <subfield code="5">3142258146</subfield>
   <subfield code="8">20120614</subfield>
   <subfield code="9">8-NJ-K-SICH</subfield>
   <subfield code="f">81</subfield>
   <subfield code="g">31607</subfield>
   <subfield code="l">UEP01</subfield>
   <subfield code="m">BOOK</subfield>
   <subfield code="q">Studovna JM</subfield>
   <subfield code="s">CD</subfield>
   <subfield code="t">na 1 měsíc</subfield>
   <subfield code="u">UEP01</subfield>
   <subfield code="w">20120723</subfield>
  </datafield>
  <datafield tag="996" ind1=" " ind2=" ">
   <subfield code="1">PJMSK</subfield>
   <subfield code="3">E46984</subfield>
   <subfield code="4">N:P</subfield>
   <subfield code="5">3142258145</subfield>
   <subfield code="8">20120531</subfield>
   <subfield code="9">8-NJ-K-SICH</subfield>
   <subfield code="f">81</subfield>
   <subfield code="g">31607</subfield>
   <subfield code="l">UEP01</subfield>
   <subfield code="m">BOOK</subfield>
   <subfield code="q">Knihovna JM - sklad</subfield>
   <subfield code="s">CD</subfield>
   <subfield code="t">na 1 měsíc</subfield>
   <subfield code="u">UEP01</subfield>
   <subfield code="w">20120723</subfield>
  </datafield>
 </record>
</collection>
